| 000 | 00698nam a2200193Ia 4500 | ||
|---|---|---|---|
| 003 | LDD | ||
| 008 | 190117s9999 xx 000 0 und d | ||
| 020 |
_a9788126340989 _c₹140 |
||
| 040 | _cLDD | ||
| 041 | _ahi | ||
| 082 | _a8H4.7 प्रे59222प्रे | ||
| 100 | _aप्रेमचन्द | ||
| 245 | 0 |
_aप्रेमचन्द _b दलित एवं स्त्री विषयक विचार _cप्रेमचन्द |
|
| 260 |
_aनई दिल्ली _bभारतीय ज्ञानपीठ _c2012 |
||
| 300 | _a128 | ||
| 901 | _aBJ | ||
| 904 | _aReqst by : Satyakam | ||
| 942 |
_2ddc _cH |
||
| 999 |
_c164245 _d164245 |
||